Zgadnij, który to Youtuber #1 - Statystyki

Ogólne statystyki
  • Ten quiz został rozwiązany 507 razy
  • Średni wynik to 5 z 15
Statystyki odpowiedzi
Lp Liczba subskrypcji Fragment (lub całość) opisu kanału 1 i ostatnia litera nicku Odpowiedź % Poprawnych
8 1 820 000 Nie bądź beksa i subskrybuj! B - Y BEKSY
79%
13 2 110 000 Oficjalny kanał Piotra '..........' Skowyrskiego I - E lub I - K izak LIVE
79%
10 2 320 000 ►Najlepsze Koszulki: ......................... ►Fanpage: ..............................►Grupa Armii na FB: ........................ ►Insta - ..............................►Kontakt: ................................. I - U IsAmU
66%
7 4 270 000 Witam na moim kanale .........! Subskrybujcie i bądźcie na bieżąco z moimi filmami! S - U Stuu
61%
2 1 960 000 Kiedyś zrobiłem jakiś filmik z darmowej gry... tak się zaczęło i teraz robię muzykę, nagrywam filmy z życia a YouTube to moja praca. M - I MULTI
54%
4 1 170 000 Odliczanie czas zacząć! Dyszka faktów, ciekawostek lub po prostu informacji, które raz cię rozbawią, a kiedy indziej wzruszą do łez. (...) T - A Topowa Dycha
50%
5 1 650 000 (...) Felietonista-ludolog, wariat-filmowiec, integrator-meloman, plastyk-badacz. Oddany wojownik paintballowy, zapalony gracz komputerowy. (...) R - N ROJSON
45%
1 1 770 000 FANART Ślij go tutaj: ..................................... CHCESZ NAWIĄZAĆ WSPÓŁPRACE? PISZ TU: Kontakt Skype: ...................... K - H Kaluch
37%
12 1 460 000 Cześć! Tu ...................😀 Witaj na największym kanale w Polsce poświęconym podróżom i jedzeniu! (...) A - G Agnieszka Grzelak Vlog
17%
6 1 500 000 W życiu próbuję wszystkiego po trochu, ale głównie jestem przedsiębiorcą... B - L BOXDEL
17%
11 1 260 000 Współpraca: ......@lifetube.pl S - X Sitr0x
16%
14 1 730 000 Hej, witajcie na kanale ...............! Przyszedłeś/aś tutaj w celu odnaleziena rozrywki? Doskonale! To kanał właśnie dla Ciebie! (...) D - E DeeJayPallaside
6%
15 972 000 Kim jestem i co tutaj robię? Hm... w realu nazywam się Jasiek Zdunikowski! Sam nie wiem co tu robię, po prostu mega się bawię i przy tym przekazuję uśmiech innym! :D A - A Abra
5%
3 1 320 000 Nie subskrybuj dla swojego dobra D - I Dominik Łupicki
4%
9 995 000 - C - O lub C - S Cypisolo
1%
Nie znaleziono quizów pasujących do podanych kryteriów
Rozkład punktacji
Procent ludzi z każdym wynikiem
Percentyl według liczby udzielonych odpowiedzi
Twoja historia wyników
Nie rozwiązałeś tego quizu